Introduction to chemical engineering thermodynamics. (Record no. 342267)
[ view plain ]
| 000 -LEADER | |
|---|---|
| fixed length control field | 01188cam a2200325 a 4500 |
| 001 - CONTROL NUMBER | |
| control field | 4928741 |
| 003 - CONTROL NUMBER IDENTIFIER | |
| control field | NUST |
| 005 - DATE AND TIME OF LATEST TRANSACTION | |
| control field | 20171215094426.0 |
| 008 - FIXED-LENGTH DATA ELEMENTS--GENERAL INFORMATION | |
| fixed length control field | 960429s1996 nyua b 001 0 eng |
| 010 ## - LIBRARY OF CONGRESS CONTROL NUMBER | |
| LC control number | 95081742 |
| 020 ## - INTERNATIONAL STANDARD BOOK NUMBER | |
| International Standard Book Number | 007059239X (alk. paper) |
| 040 ## - CATALOGING SOURCE | |
| Original cataloging agency | DLC |
| Transcribing agency | DLC |
| Modifying agency | DLC |
| 050 00 - LIBRARY OF CONGRESS CALL NUMBER | |
| Classification number | TP149 |
| Item number | .S582 1996 |
| 082 00 - DEWEY DECIMAL CLASSIFICATION NUMBER | |
| Classification number | 660.2969 SMI |
| Edition number | 20 |
| 100 1# - MAIN ENTRY--PERSONAL NAME | |
| Personal name | Smith, J. M. |
| Fuller form of name | (Joseph Mauk), |
| Dates associated with a name | 1916- |
| 9 (RLIN) | 7311 |
| 245 10 - TITLE STATEMENT | |
| Title | Introduction to chemical engineering thermodynamics. |
| Statement of responsibility, etc. | J.M.SMITH |
| 246 30 - VARYING FORM OF TITLE | |
| Title proper/short title | Chemical engineering thermodynamics |
| 250 ## - EDITION STATEMENT | |
| Edition statement | 5th ed. / |
| Remainder of edition statement | J.M. Smith, H.C. Van Ness, M.M. Abbott. |
| 260 ## - PUBLICATION, DISTRIBUTION, ETC. | |
| Place of publication, distribution, etc. | New York : |
| Name of publisher, distributor, etc. | McGraw-Hill, |
| Date of publication, distribution, etc. | c1996. |
| 300 ## - PHYSICAL DESCRIPTION | |
| Extent | xviii, 763p. : |
| Other physical details | ill. ; |
| Dimensions | 25 cm. |
| 440 #0 - SERIES STATEMENT/ADDED ENTRY--TITLE | |
| Title | McGraw-Hill chemical engineering series |
| 9 (RLIN) | 5804 |
| 500 ## - GENERAL NOTE | |
| General note | P.B |
| 504 ## - BIBLIOGRAPHY, ETC. NOTE | |
| Bibliography, etc. note | Includes bibliographical references and indexes. |
| 650 #0 - SUBJECT ADDED ENTRY--TOPICAL TERM | |
| Topical term or geographic name entry element | Thermodynamics. |
| 9 (RLIN) | 7134 |
| 650 #0 - SUBJECT ADDED ENTRY--TOPICAL TERM | |
| Topical term or geographic name entry element | Chemical engineering. |
| 9 (RLIN) | 7282 |
| 700 1# - ADDED ENTRY--PERSONAL NAME | |
| Personal name | Van Ness, H. C. |
| Fuller form of name | (Hendrick C.) |
| 9 (RLIN) | 7312 |
| 700 1# - ADDED ENTRY--PERSONAL NAME | |
| Personal name | Abbott, Michael M. |
| 9 (RLIN) | 7313 |
| 906 ## - LOCAL DATA ELEMENT F, LDF (RLIN) | |
| a | 7 |
| b | cbc |
| c | orignew |
| d | 2 |
| e | opcn |
| f | 19 |
| g | y-gencatlg |
| 942 ## - ADDED ENTRY ELEMENTS (KOHA) | |
| Source of classification or shelving scheme | |
| Koha item type | Book |
| Call number prefix | IESE |
| Withdrawn status | Lost status | Source of classification or shelving scheme | Damaged status | Not for loan | Collection code | Permanent Location | Current Location | Shelving location | Date acquired | Total Checkouts | Full call number | Barcode | Date last seen | Price effective from | Koha item type |
|---|---|---|---|---|---|---|---|---|---|---|---|---|---|---|---|
| Institute of Environmental Science and Engineering (IESE) | Institute of Environmental Science and Engineering (IESE) | General Stacks | 12/15/2017 | 660.2969 SMI | IESE-580 | 12/15/2017 | 12/15/2017 | Book |
